| 000 | 00000nam##2200000za#4500 |
| 001 | 9.606161 |
| 003 | CaOODSP |
| 005 | 20210624212505 |
| 007 | cr ||||||||||| |
| 008 | 150406|2009||||xxc|||||o f|0| 0 fre|d |
| 040 | |aCaOODSP|bfre |
| 043 | |an-cn--- |
| 086 | 1 |aTU3-8/09-0006F-PDF |
| 110 | 2 |aBureau de la sécurité des transports du Canada. |
| 245 | 10|aRupture d'un sas de lancement d'un pipeline de gaz corrosif - Westcoast Energy Inc., exploitée sous la raison sociale Spectra Energy Transmission Gazoduc de la route de l'Alaska (18 pouces) Borne kilométrique 0,0 près de Wonowon (Colombie-Britannique) 20 février 2009 |h[ressource électronique] |
| 260 | |bBureau de la sécurité des transports du Canada |c[2010. |
| 300 | |a10p.|bphotographies |
| 490 | 1 |aRapport d’enquête de pipeline |vP09H0006 |
| 590 | |a13-22-Supp|b2013-09-26 |
| 775 | 08|tSour gas pipeline sending barrel rupture - Westcoast Energy Inc., carrying on business as Spectra Energy Transmission, 18-inch Alaska Highway Pipeline, Kilometre Post 0.0, near Wonowon, British Columbia, 20 February 2009 |w(CaOODSP)9.577599 |
| 830 | #0|aRapport d’enquête de pipeline ;|vP09H0006|w(CaOODSP)9.502072 |
| 856 | 40|ahttp://publications.gc.ca|qPDF|s301 Ko|uhttps://publications.gc.ca/collections/collection_2013/bst-tsb/TU3-8-09-0006-fra.pdf|yP09H0006 |